[Event "Tata Steel-A 73rd"]
[Site "Wijk aan Zee"]
[Date "2011.01.30"]
[Round "13"]
[White "Nepomniachtchi, Ian"]
[Black "Anand, Viswanathan"]
[Result "1/2-1/2"]
[WhiteElo "2733"]
[BlackElo "2810"]
[Annotator "Moradiabadi,E"]
[PlyCount "77"]
[EventDate "2011.01.14"]
[EventType "tourn"]
[EventRounds "13"]
[EventCountry "NED"]
[EventCategory "20"]
[SourceTitle "CBM 141"]
[Source "ChessBase"]
[SourceDate "2011.03.17"]
[SourceVersion "1"]
[SourceVersionDate "2011.03.17"]
[SourceQuality "1"]

1. e4 c5 2. Nf3 d6 3. d4 cxd4 4. Nxd4 Nf6 5. Nc3 a6 6. Be3 e5 7. Nf3 Be7 8. Bc4
{An interesting choice by Nepomniachtchi. He had had difficult times against
Karjakin in this line on the other side of the board.} O-O 9. O-O Qc7 (9... Nc6
10. Re1 b5 (10... Be6 $6 11. Nd5 b5 12. Bb3 Bxd5 13. Bxd5 Qc7 14. c3 Nxd5 15.
Qxd5 Bf6 16. Red1 Rfd8 17. a4 Ne7 18. Qd3 Qc6 19. axb5 axb5 20. Rxa8 Rxa8 21.
h4 h6 22. Bg5 $1 $14 {1-0 Karjakin,S (2760)-Nepomniachtchi,I (2720)/Moscow
2010/CB00_2011 (49)}) 11. Bb3 Na5 12. Bg5 Nxb3 13. axb3 Bb7 14. Bxf6 Bxf6 15.
Nd5 Rc8 16. c3 g6 17. Qd3 Bg7 18. b4 f5 19. Nd2 Bh6 20. Rad1 Rf7 21. f3 Kg7 22.
Nf1 fxe4 23. Rxe4 Bc6 24. Ree1 Qd7 25. Ng3 Qa7+ 26. Kh1 Kh8 27. Ne4 $14 {
1/2-1/2 Karjakin,S (2760)-Nepomniachtchi,I (2720)/Moscow 2010/CB00_2011 (52)})
10. Nd5 $6 {Nepemniachtchi deviates from the main continuation} (10. Bb3 Be6
11. Qd2 (11. Qe2 Rc8 12. Rfd1 Nbd7 13. Bg5 b5 14. Ne1 (14. Bxf6 Nxf6 15. a3 $14
) 14... Qb7 15. Bxf6 Nxf6 16. Nd5 Bxd5 17. Bxd5 Nxd5 18. Rxd5 f5 19. Rad1 fxe4
20. Qxe4 Rc4 21. Qe2 Rac8 22. a3 b4 $6 23. axb4 Rxb4 24. b3 $14 {1-0 Akopian,V
(2678)-Morozevich,A (2732)/Bursa 2010/CBM 134 (46)}) 11... Rc8 12. Ng5 Bc4 13.
f4 Nbd7 14. fxe5 $6 dxe5 15. Rf5 $6 Bb4 $1 16. Rd1 Rd8 $17 17. Qe1 h6 18. Nf3
Be6 19. Qg3 Bxf5 20. exf5 Bc5 21. Bxc5 Nxc5 22. Re1 Nxb3 23. axb3 b5 24. h3
Rac8 25. Nxe5 Re8 26. b4 Qd6 {0-1 Ivanchuk,V (2740)-Anand,V (2803)/Leon 2008/
CBM 124 Extra}) 10... Nxd5 11. Bxd5 Nd7 12. c4 Nf6 13. Qb3 $146 (13. Rc1 Bg4
14. h3 Bh5 15. Qb3 Bxf3 16. Bb6 Qd7 17. Qxf3 Nxd5 18. cxd5 Rfc8 19. b3 h6 20.
Be3 (20. Qg4 Qxg4 21. hxg4) 20... Bg5 21. Bxg5 hxg5 22. Qg3 f6 23. Qg4 Qxg4 24.
hxg4 Kf7 25. f3 Ke7 26. Kf2 Kd7 27. Ke3 Rxc1 28. Rxc1 Rc8 29. Rxc8 {1/2-1/2
Turko,S (1958)-Zuev,K (2186)/ICCF email 2008/Corr 2011}) 13... Nxd5 14. cxd5 b5
15. Rfc1 Qb8 16. Qc3 f5 17. Qc7 Rf7 18. Nd2 Qxc7 19. Rxc7 Bd8 {Black achieved
a comfortable position without any difficulties. This puts more questions on
White's 10th move.} 20. Rc6 $6 {The exchange sacrifice is not really a big
help for White.} Bd7 21. Rxd6 Bc7 22. Rxd7 Rxd7 23. f3 f4 24. Bc5 Bd6 $6 {
This move diminishes Black's chances to consolidate his advantages.} (24... Rc8
$1 25. b4 (25. Nb3 Bd8 26. Kf1 a5 27. Bf2 Rdc7 $17 {Black will invades White's
second rank with no difficulties} 28. Bb6 Rc2 29. Bxd8 Rxd8 30. Nxa5 Rxb2 31.
Rd1 b4 32. d6 Rxa2 33. Nb7 b3 $1 34. Rb1 Rda8 $19) 25... a5 {[%csl Yc5]} 26. a4
(26. a3 a4 $1 {[%csl Rd2]} 27. Kf1 Bd6 28. Bb6 (28. Rc1 $4 Rdc7 $19) 28... Kf7
29. Ke2 Rb7 30. Ba5 (30. Bf2 Rbc7 $19) 30... Rc3 {and Black's advantage seems
to bring the full point home.}) 26... axb4 27. axb5 Ba5 $1 28. Bf2 (28. Nb3
Rxc5 $19) 28... Bd8 {In comparison to the game we can see a great improvement
for Black on the queenside. His rooks thanks to the open files in there might
be able to turn the favor for him.}) 25. Bxd6 Rxd6 26. Nb3 Rc8 27. Rf1 Kf7 28.
Na5 Rc2 29. Rf2 Rc1+ 30. Rf1 Rxf1+ 31. Kxf1 g5 (31... Kf6 32. h3) 32. Nc6 Kf6
33. b4 Rd7 34. h3 h5 35. Kf2 Rg7 36. Kf1 g4 37. hxg4 hxg4 38. Kf2 g3+ {It is a
an unavoidable fortress.} 39. Kf1 (39. Kf1 Rh7 40. Kg1 Rh6 41. a3 Rh7 42. Na5
Ke7 43. Nc6+ Kd6 44. Na5 Rf7 45. Nc6 Rc7 46. Kf1 {and Black cannot improve.} (
46. Kh1 $4 a5 47. bxa5 Rxc6 48. dxc6 Kxc6 49. Kg1 Kb7 {[%csl Rg1]})) 1/2-1/2

[Event "Madrid-Valencia exh"]
[Site "Madrid"]
[Date "2011.02.01"]
[Round "1"]
[White "Karpov, Anatoly"]
[Black "Anand, Viswanathan"]
[Result "1/2-1/2"]
[WhiteElo "2619"]
[BlackElo "2810"]
[PlyCount "81"]
[EventDate "2011.02.01"]
[EventType "match (rapid)"]
[EventRounds "2"]
[EventCountry "ESP"]
[SourceTitle "CBM 140 Extra"]
[Source "ChessBase"]
[SourceDate "2011.03.01"]
[SourceVersion "1"]
[SourceVersionDate "2011.03.01"]
[SourceQuality "1"]

1. d4 Nf6 2. c4 e6 3. Nf3 b6 4. g3 Ba6 5. b3 Bb7 6. Bg2 Bb4+ 7. Bd2 c5 8. O-O
O-O 9. Bc3 a5 10. a3 Bxc3 11. Nxc3 cxd4 12. Qxd4 Nc6 13. Qe3 Ne7 14. Rfd1 Rb8
15. Qf4 Bc6 16. Nd4 Bxg2 17. Kxg2 Qc8 18. e4 d5 19. exd5 exd5 20. Nxd5 Nexd5
21. cxd5 Nxd5 22. Qf3 Nf6 23. Rac1 Qb7 24. Qxb7 Rxb7 25. Nb5 Ne4 26. Rc6 Nc5
27. b4 axb4 28. axb4 Na6 29. Rd4 Rbb8 30. Nd6 g6 31. h4 Rfd8 32. Rf4 Rd7 33.
Ne4 Rc7 34. Rd6 Kg7 35. Nf6 Re7 36. Rfd4 Nc7 37. Nd5 Nxd5 38. R4xd5 b5 39. Rd7
Rxd7 40. Rxd7 h5 41. Rd5 1/2-1/2

[Event "Amber-rapid 20th"]
[Site "Monte Carlo"]
[Date "2011.03.12"]
[Round "1"]
[White "Topalov, Veselin"]
[Black "Anand, Viswanathan"]
[Result "1/2-1/2"]
[WhiteElo "2775"]
[BlackElo "2817"]
[Annotator "Krasenkow,M"]
[PlyCount "71"]
[EventDate "2011.03.12"]
[EventType "tourn (rapid)"]
[EventRounds "11"]
[EventCountry "MNC"]
[EventCategory "21"]
[SourceTitle "CBM 142"]
[Source "ChessBase"]
[SourceDate "2011.05.17"]
[SourceVersion "1"]
[SourceVersionDate "2011.05.17"]
[SourceQuality "1"]

1. d4 Nf6 2. c4 e6 3. Nf3 d5 4. Nc3 Be7 5. Bg5 h6 6. Bh4 O-O 7. e3 Ne4 8. Bxe7
Qxe7 9. cxd5 Nxc3 10. bxc3 exd5 11. Bd3 c5 12. O-O Nc6 13. Re1 (13. dxc5 Qxc5
14. Qb3 Bg4 15. Nd4 Ne5 16. Bc2 b6 17. h3 Bd7 18. Rfc1 Rac8 19. Bd1 Nd3 {
1/2 Hort,V (2600)-Donner,J (2500)/Havana 1971/MCD}) (13. Nd2 Be6 14. Rb1 b6 15.
Qa4 Rfc8 16. Bb5 Na5 17. Nb3 a6 18. Be2 Nc4 19. dxc5 b5 20. Qb4 a5 21. Qxb5
Rab8 22. Qa6 Ra8 23. Qb5 Rab8 24. Qa6 Ra8 25. Qb5 {1/2 Dimitrov,R (2365)
-Nikolov,S (2403)/Sunny Beach 2009/CBM 132 Extra}) (13. Rb1 Be6 14. dxc5 Rab8
15. Qa4 Qxc5 16. Rfc1 Rfc8 17. Nd4 Bd7 18. Nxc6 Bxc6 19. Qg4 Qd6 $11 {1/2
Eingorn,V (2580)-Li Wenliang (2330)/Luzern 1993/CBM 038 (47)}) (13. a4 Bg4 14.
h3 Bh5 15. Re1 Rad8 16. Rb1 c4 17. Bf5 b6 18. e4 Qf6 19. g4 dxe4 20. Bxe4 Bg6 {
1/2 Eingorn,V (2600)-Skembris,S (2442)/Bad Woerishofen 2004/CBM 099 ext}) (13.
h3 Be6 14. Re1 Rfd8 15. Rb1 Rac8 16. e4 cxd4 17. exd5 Rxd5 18. Bc4 Rd6 19. cxd4
Qd7 (19... Rcd8 $11 20. d5 Qc7 21. dxe6 Rxd1 22. exf7+ Kf8 23. Rbxd1 Rxd1 24.
Rxd1 Nd8 25. Ne5 Nxf7 $1 26. Ng6+ Kg8 27. Be6 Qc2 28. Rd8+ Kh7 29. Nf8+ Kg8 $11
) 20. Bxe6 fxe6 (20... Rxe6 $1 21. Rxe6 fxe6 $11) 21. Qb3 b6 22. Re4 $14 {
1/2 Uhlmann,W (2535)-Averbakh,Y (2515)/Polanica Zdroj 1975/MCL (41)}) 13... Rd8
{Hardly the best.} (13... Be6 14. Rb1 (14. e4 $142) 14... c4 15. Bc2 Qa3 16.
Qd2 Rab8 17. e4 Ne7 18. Ne5 b5 19. f4 f6 20. exd5 Nxd5 21. Nc6 Rbe8 22. Rxb5
Bf7 $44 {0-1 Hesselberg,L (2131)-Savu,I/ICCF WS 2005/ICCF CBM 125 (44)}) (13...
Qd6 14. Rb1 (14. e4 dxe4 15. Bxe4 Bg4 $5) 14... b6 15. dxc5 Qxc5 16. Qd2 Rd8
17. Rbc1 Bg4 18. Nd4 Ne5 $11 {1/2 Van Scheltinga,T-Muhring,W/Amsterdam 1950/
EXT 1998 (46)}) 14. e4 dxe4 15. Bxe4 Qf6 16. d5 {[%csl Gd5]} Ne7 (16... Qxc3
17. dxc6 $5 Rxd1 18. Raxd1 Be6 19. cxb7 Rb8 20. Rd6 $44) 17. Ne5 (17. Qb3 $5
Bf5 18. Bxf5 Nxf5 19. Qxb7 Qxc3 20. Ne5 Rf8 (20... Nd6 21. Qe7 $14) 21. Rac1
Qb4 22. Qxb4 cxb4 23. Nc6 a5 24. Rc5 $14 Ra6 25. Rxa5 Rxa5 26. Nxa5 Ra8 27. Nc6
Rxa2 28. Nxb4 Rb2 29. Nc6 Rd2 {1/2 Feige,M (2245)-Neidhardt,C (2420)/Germany
2000/CBM 075 ext (58)}) 17... Bf5 18. Bf3 $1 {It is essential for White to
keep this valuable bishop.} Ng6 19. Nxg6 (19. Nc4 $6 Qxc3 20. Rc1 Qd4) 19...
Bxg6 20. Qb3 b6 (20... Re8 $5 21. Qxb7 Qxc3) 21. Re3 Bf5 (21... Re8 22. Rae1
Rxe3 23. Rxe3 a6 {[%cal Yf6d6,Yb6b5]} 24. d6 $1 Rd8 25. Qxb6 Qxd6 26. Qxd6 Rxd6
27. Re8+ Kh7 28. h4 $14) 22. Rae1 Qd6 (22... Bd7 $142 {[%cal Yd8e8]}) 23. h3 {
This enables Black to simplify the position and equalise.} (23. Qa4 $5 Bd7 24.
Qa6 $14) 23... Bd7 {[%cal Yd8e8]} 24. Bg4 Bxg4 25. hxg4 b5 $1 26. Re5 Rab8 27.
R1e3 c4 28. Qc2 b4 29. cxb4 Qxb4 30. g3 Qb1+ 31. Qxb1 Rxb1+ 32. Kg2 Rd1 33.
Re8+ Rxe8 34. Rxe8+ Kh7 35. Rc8 Rxd5 36. Rxc4 1/2-1/2

[Event "Amber-rapid 20th"]
[Site "Monte Carlo"]
[Date "2011.03.14"]
[Round "3"]
[White "Gelfand, Boris"]
[Black "Anand, Viswanathan"]
[Result "0-1"]
[WhiteElo "2733"]
[BlackElo "2817"]
[Annotator "Krasenkow,M"]
[PlyCount "106"]
[EventDate "2011.03.12"]
[EventType "tourn (rapid)"]
[EventRounds "11"]
[EventCountry "MNC"]
[EventCategory "21"]
[SourceTitle "CBM 142"]
[Source "ChessBase"]
[SourceDate "2011.05.17"]
[SourceVersion "1"]
[SourceVersionDate "2011.05.17"]
[SourceQuality "1"]

1. d4 Nf6 2. c4 e6 3. Nc3 Bb4 4. e3 c5 5. Nge2 b6 6. a3 Ba5 7. Rb1 Na6 8. g3
Bb7 9. d5 b5 10. Bg2 bxc4 11. O-O O-O 12. e4 d6 {For this line - see Spoelman
- So in CBM 141.} (12... exd5 $142 13. Nxd5 (13. e5 Ng4 14. Bxd5 Bc6 $1 {W.So}
15. f4 Nc7 $11) 13... Nc7 $1 14. Nxf6+ Qxf6 15. Qxd7 Rfe8 16. Qa4 Qa6 17. Qc2
Ne6 18. Be3 Rad8 19. Rfd1 Rd3 $36 {0-1 Martinovic,S (2511)-Zelcic,R (2538)/
Marija Bistrica CRO 2011/The Week in Chess 847 (105)}) 13. Bg5 (13. Qa4 exd5
14. Nxd5 $1 (14. exd5 Bb6 (14... Bxc3 15. Nxc3 (15. bxc3 $6 Qc8 16. Nf4 Nc7 $1
17. Bh3 Qb8 $1 $11 {0-1 Spoelman,W (2547)-So,W (2673)/Wijk aan Zee 2011/CBM
141/[So,Wesley] (34)}) 15... Nc7 16. Rd1 Ba6 17. Bg5 $1 $14 {W.So}) 15. Re1 Nc7
16. Qxc4 Re8 17. Bg5 h6 18. Bd2 Ba6 19. Qa4 c4 20. h3 Rc8 21. Rbd1 Nd7 $132 {
1/2 Lehnhoff,H-Caire,F/LSS 2006/Telechess CBM 127 (29)}) 14... Nxd5 15. exd5
Re8 16. Nc3 Bb6 17. Bf4 Nc7 18. Rfe1 h6 19. Qxc4 Qd7 20. Qa4 Qxa4 21. Nxa4 Nb5
22. Rxe8+ Rxe8 23. Nc3 Nxc3 24. bxc3 c4 25. Be3 $1 $14 {1-0 Laznicka,V (2601)
-Spoelman,W (2448)/Liverpool 2008/CBM 126 Extra (75)}) (13. dxe6 fxe6 14. Qa4
$14 {W.So}) 13... exd5 (13... h6 14. Bxf6 Qxf6 15. Qa4 Bb6 16. dxe6 Qxe6 17.
Nf4 Qe5 18. Qxc4 Rfe8 (18... Nc7 19. Ng6 Qh5 20. Nxf8 {1/2 Damaso,R (2485)
-Gomez Esteban,J (2490)/Leon 1997/CBM 059 ext} Ba6 21. Qa4 Bxf1 22. Nd7 $16)
19. Rfd1 Nc7 20. Rd2 Ba5 21. Rbd1 Bxc3 22. bxc3 $14 {1-0 Paramos Dominguez,R 
(2405)-Giorgadze,G/Mondariz 1997/EXT 1999 (25)}) (13... Nc7 $5 14. e5 $5 dxe5
15. d6 Bxg2 16. Bxf6 Qxf6 17. Kxg2 Nd5 18. Nxd5 exd5 19. Qxd5 Rad8 (19... e4 $5
20. Kg1 Rae8 $132) 20. d7 e4 21. Kg1 Qe7 22. Rbd1 $14 {1-0 Vaisser,A (2522)
-Zakhartsov,V (2608)/Aix-les-Bains FRA 2011/The Week in Chess 855 (29)}) 14.
Nf4 (14. Nxd5 {is simpler; White keeps an edge due to his control of the
d5-square:} Bxd5 15. Bxf6 Qxf6 16. Qxd5 Qe6 (16... Rab8 17. Qxc4 Nc7 18. Nf4
Rfe8 19. Qc2 Qd8 20. Rfd1 Ne6 21. Nd5 Qd7 22. Qd3 $14 {1/2 Bluvshtein,M (2590)
-Van der Werf,M (2439)/Wijk aan Zee 2011/CBM 141 (104)}) 17. Qc6 Nc7 18. Nf4
Qe5 19. Rfd1 Rab8 20. Qa4 Bb6 21. Qxc4 Rfd8 22. b3 Qe8 23. Rd3 Nb5 24. Ra1 Nd4
25. Nd5 $14 {1-0 Popov,S (2477)-Savic,M (2535)/Mataruska Banja 2007/CBM 118
ext (82)}) 14... Nc7 15. Nh5 $6 (15. Qa4 $1 Bb6 (15... Bxc3 16. bxc3 Bc8 (16...
Ba6 17. Nh5 Qe8 18. Qa5 $1 Nxh5 19. Qxc7) 17. Qc6 $1 Bd7 18. Qxd6 Nb5 19. Bxf6
$1 Nxd6 20. Bxd8 Raxd8 21. Nxd5 $14) 16. Nfxd5 Ncxd5 17. Nxd5 Qe8 $1 18. Qxc4 (
18. Qxe8 Rfxe8 19. Bxf6 Bxd5 20. exd5 gxf6 21. Rfc1 $14) 18... Nxd5 19. exd5
Qd7 20. Rfe1 $14 {[%csl Rb6]}) 15... Nce8 $1 16. exd5 (16. Nxf6+ Nxf6 17. Nxd5
Bxd5 18. Bxf6 Qxf6 19. Qxd5 Rab8 {[%csl Rb2]}) 16... h6 17. Nxf6+ Nxf6 18. Bxf6
Qxf6 19. Qa4 Bxc3 20. bxc3 Bc8 21. Qxc4 Bf5 $15 {[%csl Rc3,Rc4,Gf5,Gf6] Black
has activated his pieces; his prospects are now even better due to the control
of the b-file and weakness of White's c3-pawn. Pay attention to the awkward
position of White's queen!} 22. Rbe1 Rab8 23. Re3 Bd7 (23... Rfe8 $15) 24. Rfe1
Rb2 25. Rf3 Qg5 26. Rfe3 $6 (26. Bf1 Rfb8 $15) 26... Qf5 (26... Bb5 $5 27. Qe4
Re8) 27. Rf3 Rb1 28. Rfe3 Rfb8 29. Be4 Rxe1+ 30. Rxe1 Qf6 31. Rb1 Re8 32. h4 g5
33. hxg5 hxg5 34. Qd3 Qe5 35. Rb7 Bg4 36. Bg6 Re7 37. Rxe7 Qxe7 {[%mdl 4096]}
38. Be4 Qe5 39. Qe3 (39. c4 {may be the lesser evil.}) 39... Kg7 40. f4 Qe7 41.
Kf2 Qf6 42. Kg1 gxf4 43. gxf4 Bf5 44. Bg2 c4 45. Kf2 Bd3 46. Qg3+ $2 (46. Qd2
$15) 46... Kf8 47. Qg5 Qxc3 48. Qd8+ Kg7 49. Qxd6 Qd4+ 50. Kg3 c3 51. Qe7 c2
52. Qg5+ Bg6 53. f5 Qc3+ 0-1

[Event "Amber-rapid 20th"]
[Site "Monte Carlo"]
[Date "2011.03.19"]
[Round "7"]
[White "Anand, Viswanathan"]
[Black "Nakamura, Hikaru"]
[Result "1/2-1/2"]
[WhiteElo "2817"]
[BlackElo "2774"]
[Annotator "Mekhitarian,K"]
[PlyCount "130"]
[EventDate "2011.03.12"]
[EventType "tourn (rapid)"]
[EventRounds "11"]
[EventCountry "MNC"]
[EventCategory "21"]
[SourceTitle "CBM 142"]
[Source "ChessBase"]
[SourceDate "2011.05.17"]
[SourceVersion "1"]
[SourceVersionDate "2011.05.17"]
[SourceQuality "1"]

1. e4 e6 2. d4 d5 3. Nc3 Nf6 4. Bg5 Bb4 5. e5 h6 6. Bd2 Bxc3 7. bxc3 Ne4 8. Qg4
g6 9. Bd3 (9. Qf4 $5 {is an interesting try, as we can check:} c5 10. Bd3 Nxd2
11. Qxd2 $14 {this is the key idea. White will maintain castling possibilities,
and still try to pressure Black's weakened kingside.}) (9. Bc1 $5 c5 10. Bd3
Nxc3 11. dxc5 Qa5 12. Bd2 Qa4 13. h3 Ne4 14. Ne2 Nxc5 15. Qf3 $13 {As in the
1981 game Tal-Vooremaa, another great performance by the great Ex-World
Champion, even tho Black's position should be around ok here.}) 9... Nxd2 10.
Kxd2 c5 11. Nf3 (11. h4 {among other ideas, this is a direct try against
Black's king. For example:} Nc6 12. h5 $5 g5 13. f4 {Funny thing - I just
realised this was the idea I used to play all the time on the Internet against
this variation, when I was just a kid. Of course, I thought I was a genius for
that, since I used to win many games in the following endgame:} cxd4 (13... c4
$5 14. Be2 f5 $1 $13) 14. cxd4 Nxd4 15. fxg5 Qxg5+ (15... Qa5+ 16. c3 Nb3+ 17.
axb3 Qxa1 18. g6 $13) 16. Qxg5 hxg5 17. g4 $13 {followed by c3-Nf3, creating
some pressure on the g5-weakness. Back then, it was so exciting to get to move
17 without making a single move from my head!}) 11... Nc6 {As in many
positions in the French Defence, both sides have a big variety of moves and
plans to follow, specially in this Winawer structures (arriving mostly after 1.
e4 e6 2.d4 d5 3.Nc3 Bb4 4.e5 c5 5.a3 Bxc3+ 6.bxc3). Just to show how rich the
position is, White has tried moves like Rab1, Rhb1, h4, Qf4, Bb5, as well as
the game move, dxc5.} (11... Bd7 $5 {is also possible, with the idea of
Bc6-Nd7-Qe7and O-O-O.}) 12. dxc5 {White releases the central tension, and will
try to create play in the b-file, and consolidate a blockade with Qf4-Nd4.
With 12.dxc5, Anand chooses to play this structure, since he avoids any ...
cxd4 ideas (when cxd4 would be forced, and Black could play something like
Qa5+/b6-Ba6.} Qa5 13. Qf4 Qxc5 14. Nd4 Bd7 15. Rhb1 O-O-O $2 (15... b6 $5 {
and suddenly castling kingside becomes an option, since White's forces are
focused on the queenside.} 16. Qf6 (16. Nb5 O-O $1 17. h4 Ne7 $13) 16... O-O
17. Nxc6 Bxc6 18. Rb4 Rfc8 19. Bxg6 $2 (19. Rh4 Qf8 $1 {that's why Rfc8} 20.
Bxg6 fxg6 21. Qxg6+ Qg7 22. Qxe6+ Kh7 23. Rg4 Qf8 $13) 19... Be8 $3 $17 {
[X c3, Bg6]}) 16. Rb5 $2 (16. Nb5 $1 {Now Black couldn't stop White's activity:
} Kb8 17. Nd6 b6 18. Rb5 Qa3 (18... g5 19. Qg3 Qa3 20. Rb3 Qc5 21. Nxf7 Na5 22.
Qe3 $1 Nxb3+ 23. axb3 $16) 19. Qe3 $1 {Rxb6 coming, and Nxf7 as well, since
Rhf8 is not pinning the N anymore} Ka8 20. Rb3 Qc5 21. Nxf7 $18) 16... Qe7 17.
Rab1 b6 18. Nxc6 Bxc6 19. R5b4 g5 20. Qe3 Qc5 {Nakamura was able to hold the
position so far, and the endgame won't present any problems for him.} 21. f4
gxf4 (21... Qxe3+ $5 22. Kxe3 Kc7 $11 {was another way to treat the position,
Rhg8 to come.}) 22. Rxf4 Rhg8 (22... Qxe3+ 23. Kxe3 Be8 24. g3 Rd7 $1 $11 {
/\ Kd8-e7, Rc7}) 23. g3 (23. Qxc5 $6 {winning the pawn could backire:} bxc5 24.
Ba6+ Kc7 25. Rxf7+ Rd7 26. Rf2 c4 $1 $44 {when the B on b5 remains out of play.
Besides, Rg5 comes and e5 becomes a real weakness as well.}) 23... Qxe3+ 24.
Kxe3 Rg5 $2 {Nakamura's will to play actively could have been punished, had
Anand reacted correctly on his 27th move.} (24... Be8 $142 25. Rh4 Rh8 26. Rf1
$14 {[X h6]}) 25. Rxf7 Rxe5+ 26. Kf4 Rh5 27. g4 $2 (27. h4 $1 {it's hard to
believe Anand didn't play this appealing move, leaving the h5-R out of play
for a decent time.} d4 {forced to let the R live} (27... Rg8 $2 {could have
been the reason why Anand played 27.g4} 28. Bh7 $1 e5+ 29. Kf3 d4+ 30. Kf2 $18
{[X Rh5]}) 28. Rxa7 b5 29. a4 $1 Rc5 30. Bxb5 $16 (30. axb5 $4 {as my grandma
says - it's never too late for something to go wrong:} Rf8+ 31. Kg4 Bg2 {
and the subtle h5# threat decides in Black's favour:} 32. Rh7 Rg8+ 33. Kf4 $19
{with e5-e4 to follow})) 27... Rxh2 28. Rxa7 Rd7 $1 {Nakamura takes his
chances and precisely equalises within the next moves:} 29. Ra6 (29. Rxd7 Kxd7
30. Rxb6 Kc7 31. Rb1 Kd6 $13 {and Black's central advance clearly compensates
for his pawn down.}) 29... Kc7 30. Kg3 (30. Raxb6 $6 Rh3 $1 $132 {when White's
K could become a target for Black.}) 30... Rd2 31. Rbxb6 Bb7 32. Rxb7+ Kxb7 33.
Rxe6 {The best possible chance for Anand, but not enough for a win.} Rc7 34.
Rxh6 Rxc3 35. Kf4 Rf2+ 36. Ke5 Rg2 37. Rg6 Ra3 38. Kxd5 Rxa2 {Starting here,
White holds the initiative with the pawns, but the position must be a
confortable draw already.} 39. Be4 Re2 40. c4 Rad2+ 41. Ke5+ Kc7 42. Kf5 Rf2+
43. Kg5 Rd4 44. Bd5 Kd7 45. Kh6 Re2 46. Rg7+ Kd6 47. g5 Re5 48. Rf7 Rh4+ 49.
Kg6 Rg4 50. Rf5 Rg1 51. Kf6 Rxf5+ 52. Kxf5 Rf1+ 53. Kg6 Ke5 54. Kg7 Rf4 55. g6
Kf5 56. Bf7 Rd4 57. c5 Rd8 58. c6 Rc8 59. Bd5 Rc7+ 60. Kh6 Kf6 61. Kh5 Ra7 62.
Bf7 Kg7 63. Kg5 Ra5+ 64. Kf4 Rc5 65. Be8 Rxc6 1/2-1/2